| 000 | 00449nam a2200193Ia 4500 | ||
|---|---|---|---|
| 003 | 0100 | ||
| 008 | 130227s9999 xx 000 0 und d | ||
| 040 | _cARRUPELIB | ||
| 050 | _aB2430.S34L415 | ||
| 100 | _aLaw, David R | ||
| 245 | _aSartre's existentialism and humanism | ||
| 260 | _aNorwich | ||
| 260 | _bSCM Press | ||
| 260 | _C2007 | ||
| 300 | _ax | ||
| 300 | _b 98p. 19cm. | ||
| 650 | _bEvangelicalism- United States | ||
| 942 |
_2lcc _03 |
||
| 999 |
_c5814 _d5814 |
||